Представление документа в формате MARC21

Поле Инд. ПП Название Значение
Тип записи a
Библиографический уровень m
001 Контрольный номер 7ba94221-6555-4df9-ac84-fd3a33709f1a
005 Дата корректировки 20140226200624.3
008 Кодируемые данные 981216 d
020 a ISBN 5-7120-0646-4
c Цена, тираж 8.82
040 a Служба первич. каталог. НБ ТвГУ
041 a Код языка текста rus
080 a Индекс УДК 55
084 a Индекс другой классификации/Индекс ББК Б3
090 c Каталожный индекс Б3
x Авторский знак Е72
a Полочн. индекс Б3
100 1_ a Автор Ермаков Станислав Эдуардович
245 0_ a Заглавие Практические аспекты экологии энергоинформационного обмена
b Продолж. заглавия (Тайны Живой Земли)
c Ответственность Станислав Ермаков, Татьяна Фаминская
260 0_ a Место издания Москва
b Издательство Экология
c Дата издания 1996
300 a Объем 145 с., включ. обл.
504 a Библиография Библиогр.: с.141-144.
583 a Действие Получение впервые 556 19.11.98
k Исполнитель действия Дар комитета РФ по охране окружающей среды
650 a Основная рубрика Аномальные явления в окружающей среде
653 a Ключевые слова Аномальные явления
a Ключевые слова Загадки природы
a Ключевые слова Уфология
a Ключевые слова НЛО
a Ключевые слова Экология
700 1_ a Другие авторы Фаминская Татьяна Валерьевна
852 t Порядковый номер экземпляра 1
p Инвентарный номер 702289
863 t 00033273
888 a Бесплатные
952 p 556.98 8.82 1 702289
c Вид литературы К рн
954 a Дата поступления на обработку 19981120
999 a Подразделение 2 Фил3